Home Zones Challenge (Record no. 120329)

MARC details
000 -LEADER
fixed length control field 00959cam a2200205 4500
001 - CONTROL NUMBER
control field WS123993
008 - FIXED-LENGTH DATA ELEMENTS--GENERAL INFORMATION
fixed length control field 031023n 000 0 eng u
035 ## - SYSTEM CONTROL NUMBER
System control number (Sirsi) u123993
110 ## - MAIN ENTRY--CORPORATE NAME
Corporate name or jurisdiction name as entry element Department of Transport
9 (RLIN) 1172
245 ## - TITLE STATEMENT
Title Home Zones Challenge
520 ## - SUMMARY, ETC.
Summary, etc. Web site set up by the UK Department of Transport to promote the idea of Home Zones, residential streets in which the road space is shared by drivers and other road users with the wider needs of residents. Includes details of the schemes already set up searchable by region, guidance on how to establish a Home Zone, news and details of relevant legislation.
650 ## - SUBJECT ADDED ENTRY--TOPICAL TERM
Topical term or geographic name entry element HOME ZONES
650 ## - SUBJECT ADDED ENTRY--TOPICAL TERM
Topical term or geographic name entry element TRAFFIC CALMING
650 ## - SUBJECT ADDED ENTRY--TOPICAL TERM
Topical term or geographic name entry element PEDESTRIANISATION
650 ## - SUBJECT ADDED ENTRY--TOPICAL TERM
Topical term or geographic name entry element TRANSPORT ACT 2000
650 ## - SUBJECT ADDED ENTRY--TOPICAL TERM
Topical term or geographic name entry element RESIDENTIAL AREAS
690 ## - LOCAL SUBJECT ADDED ENTRY--TOPICAL TERM (OCLC, RLIN)
Topical term or geographic name as entry element TRANSPORT AND COMMUNICATIONS
856 40 - ELECTRONIC LOCATION AND ACCESS
Uniform Resource Identifier <a href="https://www.homezoneschallenge.com">https://www.homezoneschallenge.com</a>
Public note View the website free of charge at www.homezoneschallenge.com...
942 ## - ADDED ENTRY ELEMENTS (KOHA)
Suppress in OPAC 0
Holdings
Withdrawn status Lost status Source of classification or shelving scheme Damaged status Not for loan Home library Current library Shelving location Date acquired Total Checkouts Full call number Barcode Date last seen Copy number Price effective from Koha item type
    Dewey Decimal Classification     Virtual Virtual Online 23/10/2003   WEB SITE 123993-1001 06/08/2019 1 06/08/2019 Online material